|
|
|
|
| LEADER |
00000cam a2200000 7i4500 |
| 001 |
0000289727 |
| 005 |
20240403130459.0 |
| 006 |
a# ###e# ### |
| 007 |
t |
| 008 |
211013t20212021nyu# e eng |
| 020 |
|
|
|a 0806540818
|
| 020 |
|
|
|a 9780806540818
|
| 090 |
0 |
0 |
|a 155.9042
|b LOV
|
| 100 |
1 |
|
|a Love, Jennifer ,
|e author
|
| 245 |
1 |
0 |
|a When Crisis Strikes :
|b 5 Steps to Heal Your Brain, Body, and Life from Chronic Stress
|c Jennifer Love and Kjell Tore Hovik
|
| 264 |
|
1 |
|a New York :
|b Citadel Press Books
|c 2021
|
| 264 |
|
4 |
|c ©2021
|
| 300 |
|
|
|a xix, 260 pages ;
|c 23 cm.
|
| 336 |
|
|
|a text
|2 rdacontent
|
| 337 |
|
|
|a unmediated
|2 rdamedia
|
| 338 |
|
|
|a volume
|2 rdacarrier
|
| 650 |
|
0 |
|a Stress (psychology)
|
| 650 |
|
0 |
|a Stress management
|
| 700 |
1 |
|
|a Hovik, Kjell Tore ,
|e author
|
| 999 |
|
|
|a 00389162
|b BUKU
|c PINJAMAN
|e PERPUSTAKAAN KOMUNITI PETALING JAYA
|
| 999 |
|
|
|a 00393016
|b BUKU
|c PINJAMAN
|e PERPUSTAKAAN KOMUNITI PETALING JAYA
|